000 00445cam a2200145 4500500
005 20251012010418.0
041 _afre
042 _adc
100 1 0 _aJacquet, Christophe
_eauthor
245 0 0 _aSade en scène
260 _c2007.
500 _a59
786 0 _nPhilosophie magazine | 6 | 2 | 2007-02-01 | p. 51-51 | 1951-1787
856 4 1 _uhttps://shs.cairn.info/magazine-philosophie-magazine-2007-2-page-51?lang=fr&redirect-ssocas=7080
999 _c1519102
_d1519102